| 000 | 00426nam a2200133Ia 4500 | ||
|---|---|---|---|
| 008 | 170516s9999 xx 000 0 und d | ||
| 245 | _aTheranostic Nanoparticles Carrying Doxorubicin Attenuate Targeting Ligand Specific Antibody Responses Following Systemic Delivery | ||
| 260 | _bTheranostics | ||
| 260 | _c2015 | ||
| 300 | _a5:1 | ||
| 650 | _xMedical Technology | ||
| 650 | _xMedtech | ||
| 856 | _uhttp://www.thno.org/v5i1 | ||
| 999 |
_c330862 _d330862 |
||